000 00508nam a22001697a 4500
003 NUST - PNEC
005 20170116181148.0
008 151014b xxu||||| |||| 00| 0 eng d
020 _a-
040 _cLIBRARY
082 _a954.02 RAH
100 _915193
_aRahim, Muhammad Abdur
245 _aHistory of the Afghans in India, A.D. 1545-1631, with especial reference to their relations with the Mughals.
_cMuhammad Abdur Rahim
260 _cc.1961
650 _915194
_aIndia
_xGeneral
942 _2ddc
_cBK
999 _c70813
_d70813